000 00465nmm a2200157Ia 4500
008 251105s9999||||xx |||||||||||||||||und||
020 _a9789587385564
041 _aspa
100 _aDueñas Ruiz, Óscar José
245 0 _aLecciones de hermenéutica jurídica (7a ed.)
264 _a[Bogotá, Colombia] :
_bUniversidad del Rosario,
_c2015
300 _a257 páginas
650 _aLaw
856 _uhttps://public.digitaliapublishing.com/a/46509
942 _cCF
999 _c95812
_d95812